Tratado de derecho laboral (Registro nro. 25505)

Detalles MARC
000 -Cabecera
Campo de control interno 00684nam a22002297a 4500
005 - Fecha y hora del registro
control field 20260428172537.0
008 - Elementos de Longitud Fija
fixed length control field 260427b |||||||| |||| 00| 0 spa d
020 ## - ISBN
ISBN 9786124265853
082 ## - DEWEY y NOTACIÓN INTERNA
Dewey 348.6
Notación Interna A69T
100 ## - AUTOR
Autor denominación Arévalo Vela, Javier
Término de relación autor
245 ## - TÍTULO DE MATERIAL BIBLIOGRÁFICO
Título Tratado de derecho laboral
260 ## - CIUDAD, EDITORIAL, AÑO
Ciudad Lima :
Nombre de la Editorial Instituto Pacífico,
Año 2016
300 ## - DESCRIPCIÓN
N° Páginas 846 páginas :
Otros detalles ilustraciones, cuadros ;
Dimensiones 25 cm.
440 ## - MENCIÓN DE SERIE
Título de la Serie ;
650 ## - TEMAS
Temas Ciencias Sociales
653 ## - DESCRIPTORES
Lenguajes no controlado Delerecho laboral; Legislación Perú
654 ## - PROGRAMAS
Programa Dpto. de Derecho y Ciencia Política
700 ## - OTROS AUTORES
Otros autores ;
856 ## - URL - UBICACIÓN
Nota pública: Versión digital <a href="https://itmsp.museknowledge.com/UCSP?groupID=2">https://itmsp.museknowledge.com/UCSP?groupID=2</a>
URI/URL: Enlace exacto del recurso <a href="Véase además: Biblioteca Digital">Véase además: Biblioteca Digital</a>
942 ## - ELEMENTOS DE KOHA
Tipo de documento Libro
Nombre del creador Justo Noguera
Código de catalogador Mirtha Ponce
Suppress in OPAC No
Esquema de clasificación Dewey Decimal Classification
Existencias
Codigo completo Registro Colección Copia número Disponibilidad Tipo de préstamo Biblioteca Actual Procedencia (Biblioteca) Ubicacón Fecha Ingreso Tipo de Adquisición Observación Date last seen Total checkouts Price effective from Tipo de Item Estado del Material Fuente de Clasificación Damaged status Withdrawn status
348.6 A69 1088651 Universidad Católica San Pablo 1 No disponible Proceso Víctor Andrés Belaunde Víctor Andrés Belaunde Primer piso 27/04/2026 Donación Derecho 27/04/2026   27/04/2026 Libro Bueno Dewey Decimal Classification   Withdrawn